Three hundred outlines of sermons on the New Testament. (Record no. 4965)

000 -LEADER
fixed length control field 00588nam a2200181 a 4500
001 - CONTROL NUMBER
control field :::00002706$&:&@@
003 - CONTROL NUMBER IDENTIFIER
control field OkBaRHE
005 - DATE AND TIME OF LATEST TRANSACTION
control field 20000607103256.0
008 - FIXED-LENGTH DATA ELEMENTS--GENERAL INFORMATION
fixed length control field s1882 j 000 0 eng u
040 ## - CATALOGING SOURCE
Transcribing agency
245 10 - TITLE STATEMENT
Title Three hundred outlines of sermons on the New Testament.
260 ## - PUBLICATION, DISTRIBUTION, ETC. (IMPRINT)
Place of publication, distribution, etc New York, NY., ;
Name of publisher, distributor, etc A. C. Armstrong & Son
Date of publication, distribution, etc 1882
300 ## - PHYSICAL DESCRIPTION
Extent 276 p. ;
Dimensions 21 cm.
650 ## - SUBJECT ADDED ENTRY--TOPICAL TERM
Topical term or geographic name as entry element Bible New Testament
General subdivision Sermons
-- Outlines
650 ## - SUBJECT ADDED ENTRY--TOPICAL TERM
Topical term or geographic name as entry element Sermons
General subdivision Outlines
942 ## - ADDED ENTRY ELEMENTS (KOHA)
Source of classification or shelving scheme
Koha item type Books
Copies
Lost status Damaged status Koha item type Permanent Location Copy number Not for loan Shelving location Barcode Source of classification or shelving scheme Price effective from Date acquired Withdrawn status Date last seen Full call number
  BooksRHEMA Bible Training College1 General Stacks2706 2010-04-142010-04-14 2018-03-16BS 2335 .T488